S2 : Personnages Histoire moderne - Statistiques

Statistiques générales
  • Ce quiz a été pris 35 fois
  • Le résultat moyen est 2 sur 40
Statistiques - réponses
Hint Réponse % Correct
père de Louis XIV Louis XIII
75%
roi de France, auteur de l’édit de Nantes (1598) Henri IV
25%
écrivain, auteur de "La Cigale et la Fourmi", interprété comme une propagande colbertiste Jean de La Fontaine
25%
Roi Louis XIV
25%
futur régent de France après la mort de Louis XIV Duc d’Orléans
21%
surintendant des finances, arrêté en 1661 Nicolas Fouquet
21%
mère et régente de Louis XIV Anne d'Autriche
14%
contrôleur général des finances et ministre sous Louis XIV Jean-Baptiste Colbert
11%
remplace L’Hotellier en 1685 Boucharat
4%
petit-fils de Louis XIV, mort en 1712 Duc de Bourgogne
4%
cardinal et principal ministre sous Louis XIII et la régence d’Anne d’Autriche Jules Mazain
4%
remplace d’Aligre en 1677 Michel Le Tellier
4%
secrétaire d’État à la Guerre, père de Louvois Michel Le Tellier
4%
opposé à la bulle Unigenitus de 1713 Archevêque de Paris (Cardinal de Noailles)
0%
inspecteur des manufactures sous Colbert n°2 Bellinzani
0%
pasteur protestant, opposé à la révocation de l’édit de Nantes Claude
0%
théologien à l’origine du jansénisme Cornelius Jansen jansénius
0%
petit-fils de Louis XIV, devenu roi d’Espagne Duc d’Anjou (Philippe V d’Espagne)
0%
noble influent 2 Duc de Beauvilliers
0%
petit-fils de Louis XIV, mort en 1714 Duc de Berry
0%
mort jeune en 1712 Duc de Bretagne
0%
noble influent 1 Duc de Chevreuse
0%
mémorialiste et courtisan Duc de Saint-Simon
0%
chancelier de France jusqu'en 1677 Étienne d'Aligre
0%
secrétaires d’État sous Louis XIV famille de Brienne
0%
théologien et écrivain, critique du régime François de Salignac de La Mothe-Fénelon
0%
ministre de la Guerre sous Louis XIV François Michel Le Tellier, marquis de Louvois
0%
ministre Henri-Louis de Loménie de Brienne
0%
évêque et théoricien de la monarchie absolue Jacques-Bénigne Bossuet
0%
chef camisard protestant lors de la révolte des Cévennes (1702-1710) Jean Cavalie
0%
théologien janséniste Jean Duvergier de Hauranne (Saint-Cyran)
0%
chancelier de France en 1699 Louis Phélypeaux, comte de Pontchartrain
0%
général français, intervient contre les Camisards en 1704 Maréchal de Villars
0%
épistolière, favorable à Louis XIV Marie de Rabutin-Chantal (Madame de Sévigné)
0%
économiste, auteur du "Factum de la France" Pierre de Boisguilbert
0%
chancelier de France sous Louis XIV jusqu'en 1672 Pierre Séguier
0%
nommé intendant par Louis XIV Sarron Champigny
0%
inspecteur des manufactures sous Colbert n°1 Savary
0%
ingénieur militaire et auteur de "La dîme royale" Sébastien Le Prestre de Vauban
0%
entrepreneur textile soutenu par Louis XIV Van Robais
0%
Aucun quiz correspondant
Distribution des résultats
% des personnes avec chaque résultat
Percentile par nombre de réponses
Votre historique - résultats
Vous n’avez pas pris ce quiz